Visualizzazione normale
Vista MARC
- EDUCAZIONALE
di Topical Term
Records bibliografici associati: 1
001 - CONTROL NUMBER
- control field: 51224
003 - CONTROL NUMBER IDENTIFIER
- control field: IT-RoPau
005 - DATE AND TIME OF LATEST TRANSACTION
- control field: 20151202160856.0
008 - FIXED-LENGTH DATA ELEMENTS
- fixed length control field: 151202|| aca||aabn | a|a d
040 ## - CATALOGING SOURCE
- Original cataloging agency: IT-RoPau
- Transcribing agency: IT-RoPau
150 ## - HEADING--TOPICAL TERM
- Topical term or geographic name entry element: EDUCAZIONALE
- : TV-PROGRAMMI RELIGIOSI [VHS]
- General subdivision: Codice MATERIA SPICS: 9963
670 ## - SOURCE DATA FOUND
- Source citation: Work cat.: (IT-RoPau)107252: Carlesi Enrico Codice regista SPICS: 44633 51222, RAGAZZI IN RITIRO (I) - 3 - SOGNI DI BORIA. CRESCERE NELL'UMILTA' RAGAZZI IN RITIRO (I) - 3 - SOGNI DI BORIA. CRESCERE NELL'UMILTA' (Rif. Codice opera principale : D7637)